000 00408nam a2200157Ia 4500
008 240729s9999 xx 000 0 und d
022 _a2001-1326
245 0 _aClinical and Translational Medicine
260 _aAustralia
260 _bWiley
650 _a Medicine (General)
650 _aMedicine
856 _uhttps://doaj.org/toc/17aaed88dc5541ec923558e225908077
942 _2ddc
942 _cDOAJEJ
999 _c72655
_d72655
945 _a1
_bMadushi Gamage
_c1
_dMadushi Gamage